| 000 | 00640nam a22002291a 4500 | ||
|---|---|---|---|
| 999 |
_c11963 _d11963 |
||
| 001 | 11963 | ||
| 003 | BD-JhCC | ||
| 005 | 20210927134021.0 | ||
| 008 | 210228b2019 bg |||| ||a| 000 0 ben d | ||
| 020 | _a9789844390058 | ||
| 035 | _a(BD-JhCC)11963 | ||
| 040 |
_aBD-JhCC _dBD-JhCC |
||
| 041 | _abengali | ||
| 082 |
_a891.443 _bKHA 2019 |
||
| 100 | _aখানম, তাসলিমা | ||
| 245 |
_aছোবল / _cতাসলিমা খানম, |
||
| 260 |
_aঢাকা: _bসময় প্রকাশন; _c২০১৯. |
||
| 300 |
_a206 p. : _c21 cm. |
||
| 650 | _aBegali Novel | ||
| 942 |
_2ddc _cBK _02 |
||